000 00343nam a2200145Ia 4500
100 _aAICTE
942 _cBK
654 _aT.Q.M.
245 _aT.Q.M. Theory and Practice : C-NO : 298
260 _bContinuing Education Programmer AICTE
_aBangalore
_c1989
082 _a658.562
_bAICTE
300 _a150
546 _aENGLISH
999 _c28111
_d28111